All Modern-Day Ever Controlled by South Africa - Statistics

General Stats
  • This quiz has been taken 344 times
  • The average score is 9 of 9
Answers on the Map
Answers color-coded by a green-red scale on the quiz's map according to % correct below.
 
Answer Stats
Country % Correct
South Africa
100%
Angola
99%
Eswatini
99%
Lesotho
99%
Namibia
99%
Botswana
98%
Madagascar
98%
Mozambique
98%
Zambia
96%
No matching quizzes found
Score Distribution
Percent of People with Each Score
Percentile by Number Answered
Your Score History
You have not taken this quiz